h1

h2

h3

h4

h5
h6
000854569 001__ 854569
000854569 005__ 20251009141720.0
000854569 0247_ $$2ISSN$$a1948-7185
000854569 0247_ $$2SCOPUS$$aSCOPUS:2-s2.0-85138049390
000854569 0247_ $$2WOS$$aWOS:000854107500001
000854569 0247_ $$2doi$$a10.1021/acs.jpclett.2c02081
000854569 037__ $$aRWTH-2022-09632
000854569 041__ $$aEnglish
000854569 082__ $$a530
000854569 1001_ $$aNguyen, Ha Vinh Lam$$b0$$eCorresponding author
000854569 245__ $$aDiscovery of a Missing Link: First Observation of the HONO–Water Complex$$honline
000854569 260__ $$aWashington, DC$$bAmerican Chemical Society$$c2022
000854569 3367_ $$00$$2EndNote$$aJournal Article
000854569 3367_ $$0PUB:(DE-HGF)16$$2PUB:(DE-HGF)$$aJournal Article$$bjournal$$mjournal$$xLetter
000854569 3367_ $$2BibTeX$$aARTICLE
000854569 3367_ $$2DRIVER$$aarticle
000854569 3367_ $$2DataCite$$aOutput Types/Journal article
000854569 3367_ $$2ORCID$$aJOURNAL_ARTICLE
000854569 588__ $$aDataset connected to Web of Science, Web of Science, , CrossRef, Journals: publications.rwth-aachen.de
000854569 591__ $$aFrance
000854569 591__ $$aGermany
000854569 591__ $$aUSA
000854569 7001_ $$0P:(DE-82)850996$$aKoziol, Kenneth J.$$b1$$urwth
000854569 7001_ $$00000-0001-6258-7191$$aTrabelsi, Tarek$$b2
000854569 7001_ $$aKhemissi, Safa$$b3
000854569 7001_ $$aSchwell, Martin$$b4
000854569 7001_ $$00000-0002-5461-1486$$aFrancisco, Joseph S.$$b5
000854569 7001_ $$aKleiner, Isabelle$$b6
000854569 773__ $$0PERI:(DE-600)2522838-9$$a10.1021/acs.jpclett.2c02081$$n37$$p8648-8652$$tThe journal of physical chemistry letters$$v13$$x1948-7185$$y2022
000854569 909CO $$ooai:publications.rwth-aachen.de:854569$$pVDB
000854569 9101_ $$0I:(DE-588b)36225-6$$6P:(DE-82)850996$$aRWTH Aachen$$b1$$kRWTH
000854569 9141_ $$y2022
000854569 9151_ $$0StatID:(DE-HGF)0031$$2StatID$$aPeer reviewed article$$x0
000854569 915__ $$0StatID:(DE-HGF)0100$$2StatID$$aJCR$$bJ PHYS CHEM LETT : 2019$$d2021-01-27
000854569 915__ $$0StatID:(DE-HGF)0113$$2StatID$$aWoS$$bScience Citation Index Expanded$$d2021-01-27
000854569 915__ $$0StatID:(DE-HGF)0150$$2StatID$$aDBCoverage$$bWeb of Science Core Collection$$d2021-01-27
000854569 915__ $$0StatID:(DE-HGF)0160$$2StatID$$aDBCoverage$$bEssential Science Indicators$$d2021-01-27
000854569 915__ $$0StatID:(DE-HGF)0199$$2StatID$$aDBCoverage$$bClarivate Analytics Master Journal List$$d2021-01-27
000854569 915__ $$0StatID:(DE-HGF)0200$$2StatID$$aDBCoverage$$bSCOPUS$$d2021-01-27
000854569 915__ $$0StatID:(DE-HGF)0300$$2StatID$$aDBCoverage$$bMedline$$d2021-01-27
000854569 915__ $$0StatID:(DE-HGF)1150$$2StatID$$aDBCoverage$$bCurrent Contents - Physical, Chemical and Earth Sciences$$d2021-01-27
000854569 915__ $$0StatID:(DE-HGF)9905$$2StatID$$aIF >= 5$$bJ PHYS CHEM LETT : 2019$$d2021-01-27
000854569 9201_ $$0I:(DE-82)153620_20200529$$k153620$$lLehr- und Forschungsgebiet Physikalische Chemie: Spektroskopie kondensierter Materie$$x0
000854569 9201_ $$0I:(DE-82)150000_20140620$$k150000$$lFachgruppe Chemie$$x1
000854569 961__ $$c2022-10-14T16:13:24.832600$$x2022-10-14T16:13:24.832600$$z2022-10-14
000854569 980__ $$aI:(DE-82)150000_20140620
000854569 980__ $$aI:(DE-82)153620_20200529
000854569 980__ $$aUNRESTRICTED
000854569 980__ $$aVDB
000854569 980__ $$ajournal